000 00371nam a2200133Ia 4500
008 220217s9999||||xx |||||||||||||| ||und||
020 _a8179923797
082 _a658.311 FIE
100 _aField, Marion
245 0 _aImprove your written english
260 _aJaico publishers
_bNew Delhi
_c2012
300 _aXII, 185p.
_b175
650 _aHUMAN RESOURCE MANAGEMENT
999 _c183389
_d183389